000 00238nam a2200097Ia 4500
005 20251222114339.0
008 251222s1900||||xx |||||||||||||| ||spa||
082 _aDVD0124/C50
245 0 _aAndrés Calamaro made in Argentina 2005:
942 _cDVD
999 _c786
_d786